LEADER 01130nam a2200277 i 4500 001 000000160259 003 CaOOAMICUS 005 20070512000000.0 008 070512s1996 it u000 u fre u 013 $a137622 020 $a213-047466-7 040 $aSeMil$bita 100 1 $aBenoist, Jocelyn <1968- >.$0(OLS)http://semarc/name/11282 245 10$aKant et les limites de la synthèse :$ble sujet sensible /$cJocelyn Benoist. 260 $aParis :$bPUF,$ccopyr. 1996. 300 $a343 p. ;$c22 cm. 490 0 $aÉpiméthée : essais philosophiques 500 $aContiene : Bibliographie. 600 14$aKant, Immanuel <1724-1804>.$0(OLS)http://semarc/subject/7657 830 0$aÉpiméthée.$0(OLS)http://semarc/title/5922 850 $aSeMil 852 $aSeMil$W1$xVenegono$y1$m660 479 1 *$j111735$B111735$CSeMilBibl$Z2$F121694 $81 961 $aAcquisto: Àncora (Libreria) 996 $6020$a213-047466-7$9(OLS)http://semarc/number/76013 996 $6245$aKant et les limites de la synthèse :$ble sujet sensible$9(OLS)http://semarc/title/142774 996 $6260$aParis :$bPUF$9(OLS)http://semarc/publisher/30045 LEADER 01324nam a2200301 i 4500 001 000000221922 003 CaOOAMICUS 005 20130822000000.0 008 130822s1984 fr u000 u fre u 013 $a200819 020 $a2-249-61131-9 040 $aSeMil$bita 100 1 $aGilbert, Paul,$c.$0(OLS)http://semarc/name/10657 245 10$aDire l'ineffable :$blecture du Monologion de S. Anselme /$cPaul Gilbert. 260 $aNamur :$bCulture et vérité,$c1984. 260 $aParis :$bLethielleux,$c1984. 300 $a303 p. ;$c22 cm. 490 0 $aLe sycomore 600 04$aAnselmo : d'Aosta .$0(OLS)http://semarc/subject/5444 650 4$aAnselmo : d'Aosta . Monologion.$0(OLS)http://semarc/subject/40729 830 3$aLe sycomore.$0(OLS)http://semarc/title/31150 850 $aSeMil 852 $aSeMil$W1$xVenegono$y1$m2P III 735$j172271$B172271$CSeMilBibl$Z2$F183523 $81 961 $aOmaggio: Conti don Ermenegildo 996 $6020$a2-249-61131-9$9(OLS)http://semarc/number/221187 996 $6245$aDire l'ineffable :$blecture du Monologion de S. Anselme$9(OLS)http://semarc/title/318165 996 $6260$aParis :$bLethielleux$9(OLS)http://semarc/publisher/30156 996 $6260$aNamur :$bCulture et vérité$9(OLS)http://semarc/publisher/32223